00543 a2200181 4500003000500000005001700005040000900022082000800031110003400039245006800073260003000141300000900171538003000180610002000210942001200230999001900242952010000261Nust20170207154603.0 cNust a297 aKhan, Chaudhry Muhammad yasin aIlmi Islamiyat vo Mutalya PakistancChaudhry Mohamad Yasin Khan albIlmi Kitam Khanac2012 a246p aAlmirah no 66, Shelf no 1 aIslamic Studies 2ddccBK c198669d198669 00102ddc40708NFICaMCSbMCSd2016-12-12l0o297 KHApMCS36871r2016-12-08w2016-12-12yBK